[Event "DOM-ch"]
[Site "Santo Domingo"]
[Date "2019.04.27"]
[Round "3"]
[White "King Rodriguez, Os Misael"]
[Black "Nova Ramirez, Presley Eury"]
[Result "1/2-1/2"]
[WhiteElo "1546"]
[BlackElo "1760"]
[PlyCount "93"]
[EventDate "2019.04.26"]
[EventType "swiss"]
[EventRounds "11"]
[EventCountry "DOM"]
[SourceTitle "CBM 190 Extra"]
[Source "ChessBase"]
[SourceDate "2019.07.15"]
[SourceVersion "1"]
[SourceVersionDate "2019.07.15"]
[SourceQuality "1"]

1. e4 d6 2. d4 Nf6 3. Nc3 c5 4. d5 e6 5. Bg5 Be7 6. Bb5+ Bd7 7. Bxd7+ Nbxd7 8. Nf3 exd5 9. exd5 0-0 10. 0-0 a6 11. Re1 Re8 12. h3 Qb6 13. Qd2 Bf8 14. b3 Qc7 15. Qd3 b5 16. Ne4 Nxe4 17. Rxe4 f6 18. Bh4 Rxe4 19. Qxe4 Nb6 20. Qe6+ Qf7 21. Qxf7+ Kxf7 22. Rd1 a5 23. Bg3 a4 24. b4 cxb4 25. Nd4 Nxd5 26. Nxb5 Nc3 27. Nxc3 bxc3 28. Rd3 Rc8 29. f3 Ke6 30. Be1 Rc4 31. Bxc3 d5 32. Kf1 Bc5 33. a3 d4 34. Bb2 Rxc2 35. Bxd4 Bd6 36. Bc3 Rc1+ 37. Ke2 Rc2+ 38. Kf1 Ra2 39. Rd4 Be5 40. Rc4 Rxa3 41. Bd4 Rd3 42. Bxe5 fxe5 43. Rxa4 Rd2 44. Ra6+ Kf7 45. Ra7+ Kf6 46. Ra6+ Kf7 47. Ra7+ 1/2-1/2

[Event "Santo Domingo Duarte Memorial 8th"]
[Site "Santo Domingo"]
[Date "2019.01.25"]
[Round "5"]
[White "Benitez Pacheco, Alejandro"]
[Black "Nova Ramirez, Presley Eury"]
[Result "1-0"]
[WhiteElo "2141"]
[BlackElo "1764"]
[PlyCount "65"]
[EventDate "2019.01.18"]
[EventType "swiss"]
[EventRounds "8"]
[EventCountry "DOM"]
[SourceTitle "CBM 188 Extra"]
[Source "ChessBase"]
[SourceDate "2019.02.26"]
[SourceVersion "1"]
[SourceVersionDate "2019.02.26"]
[SourceQuality "1"]

1. e4 d6 2. d4 Nf6 3. Nc3 g6 4. Nf3 Bg7 5. Bc4 c6 6. 0-0 b5 7. Bb3 b4 8. e5 bxc3 9. exf6 Bxf6 10. bxc3 0-0 11. Bh6 Re8 12. Ng5 d5 13. f4 e6 14. Nf3 Qa5 15. Ne5 c5 16. dxc5 Qxc3 17. Kh1 Qxc5 18. Bg5 Bg7 19. Ng4 Nd7 20. Ba4 Rf8 21. Bxd7 Bxd7 22. Nf6+ Bxf6 23. Bxf6 Rfc8 24. c3 Bb5 25. Rf3 Bc4 26. Qe1 Rab8 27. Qh4 h5 28. Qg5 Qf8 29. g4 Be2 30. Rh3 Kh7 31. gxh5 Bxh5 32. Rxh5+ gxh5 33. Qxh5+ 1-0

[Event "Santo Domingo Provincial-ch"]
[Site "Santo Domingo"]
[Date "2018.11.23"]
[Round "1"]
[White "Nova Ramirez, Presley Eury"]
[Black "Crispin Ferreras, Darvi Abraham"]
[Result "0-1"]
[WhiteElo "1775"]
[BlackElo "2173"]
[PlyCount "148"]
[EventDate "2018.11.23"]
[EventType "swiss"]
[EventRounds "7"]
[EventCountry "DOM"]
[SourceTitle "CBM 187 Extra"]
[Source "ChessBase"]
[SourceDate "2018.11.04"]
[SourceVersion "1"]
[SourceVersionDate "2018.11.04"]
[SourceQuality "1"]

1. e4 c5 2. Nf3 e6 3. Nc3 a6 4. d4 cxd4 5. Nxd4 Bc5 6. Nb3 Ba7 7. Bd3 Nc6 8. 0-0 Nf6 9. Bg5 h6 10. Bh4 d6 11. Kh1 g5 12. Bg3 e5 13. Nd5 Be6 14. c4 Rc8 15. Rc1 Bxd5 16. exd5 Ne7 17. Re1 0-0 18. Qe2 Ng6 19. Bxg6 fxg6 20. Qd3 Kh7 21. Nd2 Bd4 22. b3 Nh5 23. Ne4 Ng7 24. Rc2 Nf5 25. Rec1 Rc7 26. Qd2 Rcf7 27. Qd3 Kg7 28. b4 b6 29. Re1 Qd7 30. a3 Qd8 31. Rcc1 h5 32. h3 h4 33. Bh2 Nh6 34. f3 Nf5 35. Qb3 Kh6 36. Qd3 Ng7 37. Nxd6 Rf4 38. Bxf4 gxf4 39. Ne4 Nf5 40. Qb3 Ne3 41. Re2 Qd7 42. c5 Nxd5 43. cxb6 Nxb6 44. Nc5 Qf5 45. Ne6 Rf6 46. Nxd4 exd4 47. Rd2 Rd6 48. Rcd1 Qe5 49. Qb2 Nc4 50. Qc2 Nxd2 51. Rxd2 Qe1+ 52. Kh2 Re6 53. Rd1 Qg3+ 54. Kh1 Re1+ 55. Rxe1 Qxe1+ 56. Kh2 Qc3 57. Qe4 Qe3 58. Qa8 d3 59. Qf8+ Kg5 60. Qd8+ Kf5 61. Qd7+ Kf6 62. Qd6+ Kg7 63. Qd8 d2 64. Qd7+ Kh6 65. Qd8 Qe1 66. Qh8+ Kg5 67. Qd8+ Kf5 68. Qf8+ Ke6 69. Qe8+ Kd5 70. Qd7+ Kc4 71. Qc6+ Kd3 72. Qxg6+ Ke2 73. Qxa6+ Kf2 74. Qb6+ Kf1 0-1

[Event "Santo Domingo U2080 op"]
[Site "Santo Domingo"]
[Date "2016.06.10"]
[Round "1"]
[White "Pena Perez, Luis Eduardo"]
[Black "Nova Ramirez, Presley Eury"]
[Result "1-0"]
[WhiteElo "2064"]
[BlackElo "1834"]
[PlyCount "95"]
[EventDate "2016.06.10"]
[EventType "swiss"]
[EventRounds "8"]
[EventCountry "DOM"]
[SourceTitle "CBM 172 Extra"]
[Source "ChessBase"]
[SourceDate "2016.06.21"]
[SourceVersion "1"]
[SourceVersionDate "2016.06.21"]
[SourceQuality "1"]

1. e4 d6 2. d4 Nf6 3. Nc3 g6 4. f4 Bd7 5. e5 Nh5 6. g4 Ng7 7. Bg2 c6 8. Qf3 Qc8 9. h3 d5 10. Be3 Na6 11. Nge2 e6 12. 0-0 Be7 13. Nb1 h5 14. c3 Qc7 15. Nd2 0-0-0 16. g5 h4 17. b4 Rdg8 18. Rfc1 Nb8 19. a3 a6 20. c4 Nf5 21. Bf2 Kd8 22. Qb3 Qb6 23. Rab1 Ke8 24. a4 Qd8 25. Nf3 Kf8 26. Qc2 Kg7 27. b5 axb5 28. cxb5 Qe8 29. Qb3 Rh7 30. Nh2 Qd8 31. Ng4 Be8 32. Be1 cxb5 33. axb5 Nd7 34. Bb4 Rhh8 35. Bxe7 Nxe7 36. Qc3 Qa8 37. Ra1 Qb8 38. Qc7 Nf5 39. Nf6 Qxc7 40. Rxc7 Nb6 41. Nxg8 Rxg8 42. Rxb7 Nc4 43. Ra8 Kh7 44. Rbb8 Ng7 45. b6 Bc6 46. Rxg8 Bxa8 47. Rxa8 Nxb6 48. Rf8 1-0

[Event "Santo Domingo La Raza op"]
[Site "Santo Domingo"]
[Date "2015.10.12"]
[Round "1"]
[White "Nova Ramirez, Presley Eury"]
[Black "Del Rosario Moreno, Carlos"]
[Result "0-1"]
[WhiteElo "1813"]
[BlackElo "2090"]
[PlyCount "104"]
[EventDate "2015.10.12"]
[EventType "swiss"]
[EventRounds "8"]
[EventCountry "DOM"]
[SourceTitle "CBM 169 Extra"]
[Source "ChessBase"]
[SourceDate "2015.12.18"]
[SourceVersion "1"]
[SourceVersionDate "2015.12.18"]
[SourceQuality "1"]

1. e4 c5 2. Nf3 Nc6 3. d4 cxd4 4. Nxd4 Nf6 5. Nc3 d6 6. Be3 e6 7. Bc4 a6 8. a4 Qc7 9. Ba2 Be7 10. 0-0 Ne5 11. Kh1 Neg4 12. h3 Nxe3 13. fxe3 0-0 14. Qf3 Bd7 15. Rad1 b5 16. Bb3 Rab8 17. axb5 axb5 18. Ra1 Qb7 19. Rfd1 b4 20. Nce2 Nxe4 21. Ra2 Ra8 22. Ng3 Rxa2 23. Bxa2 Nxg3+ 24. Qxg3 Qa6 25. Bb3 d5 26. Qc7 Qc8 27. Qg3 Qb8 28. Qf2 Qe5 29. Ra1 Bd6 30. Qg1 Rd8 31. Ra6 Bc7 32. Ra7 Qd6 33. Nf3 Bb6 34. Ra1 Bc6 35. Nd4 Bb7 36. Qf2 g6 37. Rf1 Rf8 38. Rd1 e5 39. Nf3 f5 40. Qd2 Rd8 41. Qe2 Bc7 42. e4 fxe4 43. Qxe4 Kg7 44. Qe3 e4 45. Qd4+ Qf6 46. Qxf6+ Kxf6 47. Nd4 Ke5 48. Ne2 Rf8 49. Kh2 Rf2 50. Nc1 d4 51. Na2 e3 52. Kg3 Rxg2+ 0-1

[Event "Santo Domingo Summer op"]
[Site "Santo Domingo"]
[Date "2015.07.26"]
[Round "8"]
[White "Nova Ramirez, Presley Eury"]
[Black "Steel Stephen, Daniel Alberto"]
[Result "0-1"]
[WhiteElo "1922"]
[BlackElo "1972"]
[PlyCount "146"]
[EventDate "2015.07.17"]
[EventType "swiss"]
[EventRounds "8"]
[EventCountry "DOM"]
[SourceTitle "EXT 2016"]
[Source "ChessBase"]
[SourceDate "2015.10.08"]
[SourceVersion "1"]
[SourceVersionDate "2015.10.08"]
[SourceQuality "1"]

1. e4 e5 2. Nf3 Nc6 3. Bc4 Bc5 4. Nc3 Nf6 5. 0-0 0-0 6. d3 h6 7. a3 a6 8. Be3 Bxe3 9. fxe3 d6 10. Qe1 b5 11. Bb3 Bd7 12. Nh4 Be6 13. Nd5 Bxd5 14. exd5 Ne7 15. e4 Kh7 16. c3 Qd7 17. Nf5 Ng6 18. Qe3 Qd8 19. Bd1 Ng8 20. Rf3 Nh4 21. Nxh4 Qxh4 22. Be2 g6 23. Raf1 Kg7 24. Rg3 Qe7 25. Rh3 Qd7 26. g4 Qe7 27. Kh1 Qg5 28. Qxg5 hxg5 29. Rhf3 f6 30. c4 Rfb8 31. b4 a5 32. Rb1 axb4 33. axb4 Ra2 34. Rf2 Rba8 35. cxb5 Rc2 36. Kg2 Raa2 37. Kf3 f5 38. Re1 Nf6 39. h3 fxe4+ 40. dxe4 Rc3+ 41. Kg2 Nxe4 42. Rf3 Rcc2 43. Re3 Nc3 44. Kf1 Nxd5 45. Rf3 e4 46. Rg3 Nf4 47. Bd1 Rf2+ 48. Kg1 Rg2+ 49. Rxg2 Rxg2+ 50. Kh1 d5 51. Bb3 Rd2 52. Rc1 e3 53. Rxc7+ Kf6 54. Rc1 Rd4 55. Re1 e2 56. b6 Rxb4 57. Bxd5 Rxb6 58. Bf3 Rb3 59. Bxe2 Re3 60. Kg1 Rxe2 61. Rxe2 Nxe2+ 62. Kf2 Nf4 63. Ke3 Nxh3 64. Ke4 Nf4 65. Kd4 Ke6 66. Ke4 Nd5 67. Kf3 Ke5 68. Kg3 Ke4 69. Kh3 Kf3 70. Kh2 Nf4 71. Kg1 Kxg4 72. Kh2 Kf3 73. Kg1 g4 0-1

[Event "Santo Domingo Summer op"]
[Site "Santo Domingo"]
[Date "2015.07.18"]
[Round "2"]
[White "Nova Ramirez, Presley Eury"]
[Black "Mejia, Juan Alberto"]
[Result "0-1"]
[WhiteElo "1922"]
[BlackElo "1934"]
[PlyCount "98"]
[EventDate "2015.07.17"]
[EventType "swiss"]
[EventRounds "8"]
[EventCountry "DOM"]
[SourceTitle "EXT 2016"]
[Source "ChessBase"]
[SourceDate "2015.10.08"]
[SourceVersion "1"]
[SourceVersionDate "2015.10.08"]
[SourceQuality "1"]

1. e4 c5 2. Nc3 Nc6 3. Bc4 e6 4. Nf3 Nf6 5. 0-0 Be7 6. d4 cxd4 7. Nxd4 a6 8. Nxc6 bxc6 9. e5 Nd5 10. Nxd5 cxd5 11. Bd3 a5 12. Kh1 Ba6 13. Be3 0-0 14. f4 Bxd3 15. Qxd3 f5 16. Rf3 Qb8 17. Bd4 Qc7 18. Rg1 g6 19. g4 fxg4 20. Rxg4 Rf5 21. Kg2 Rc8 22. c3 Qc4 23. b3 Qxd3 24. Rxd3 Kf7 25. Be3 d6 26. Bb6 dxe5 27. fxe5 Rxe5 28. Rf4+ Rf5 29. Rxf5+ gxf5 30. Bxa5 Bf6 31. Bb4 Rd8 32. Rh3 Kg6 33. Rg3+ Kf7 34. Rh3 Rh8 35. a4 e5 36. a5 e4 37. Bc5 f4 38. a6 f3+ 39. Kf2 Bxc3 40. a7 Kg6 41. Rg3+ Kf5 42. h4 Bf6 43. Rh3 Be5 44. b4 d4 45. Rh1 Kf4 46. Ra1 e3+ 47. Kf1 e2+ 48. Kf2 Ke4 49. a8Q+ Rxa8 0-1

[Event "Santo Domingo op U2100 2nd"]
[Site "Santo Domingo"]
[Date "2015.06.26"]
[Round "5"]
[White "Menendez Mendez, Ariel"]
[Black "Nova Ramirez, Presley Eury"]
[Result "0-1"]
[WhiteElo "1960"]
[BlackElo "1922"]
[PlyCount "120"]
[EventDate "2015.06.19"]
[EventType "swiss"]
[EventRounds "8"]
[EventCountry "DOM"]
[SourceTitle "CBM 167 Extra"]
[Source "ChessBase"]
[SourceDate "2015.09.14"]
[SourceVersion "1"]
[SourceVersionDate "2015.09.14"]
[SourceQuality "1"]

1. e4 d6 2. d4 Nf6 3. Nc3 h6 4. f3 Nc6 5. Be3 a6 6. Qd2 e5 7. Nge2 exd4 8. Nxd4 Nxd4 9. Qxd4 Be6 10. 0-0-0 Be7 11. Kb1 c5 12. Qd2 Qc7 13. g4 b5 14. h4 b4 15. Nd5 Nxd5 16. exd5 Bd7 17. Bc4 Bb5 18. Qe2 Qb7 19. Bf4 0-0-0 20. Qd3 g6 21. h5 Bxc4 22. Qxc4 g5 23. Bg3 Bf6 24. Qe4 Bd4 25. Rhe1 Qd7 26. Qd3 Qb7 27. Re4 Qb5 28. Qxb5 axb5 29. Rde1 Bf6 30. a3 bxa3 31. bxa3 Kd7 32. c4 Rb8 33. Kc2 bxc4 34. Rxc4 Rb2+ 35. Kc1 Rhb8 36. Ra4 R8b7 37. Ra8 Rb1+ 38. Kd2 R1b2+ 39. Ke3 Rg2 40. Bxd6 Kxd6 41. Ra6+ Kxd5 42. Re2 Bd4+ 43. Kd3 Rb3+ 44. Kc2 Rc3+ 45. Kd2 Rxe2+ 46. Kxe2 Re3+ 47. Kd2 Rxf3 48. a4 Kc4 49. Rxh6 Rf2+ 50. Ke1 Kd3 51. Rd6 Ra2 52. Kf1 Rxa4 53. h6 Ra8 54. h7 Rh8 55. Rh6 c4 56. Ke1 c3 57. Rh3+ Be3 58. Kf1 c2 59. Kg2 c1Q 60. Rxe3+ Qxe3 0-1

[Event "Santo Domingo op U2100 2nd"]
[Site "Santo Domingo"]
[Date "2015.06.19"]
[Round "1"]
[White "Nova Ramirez, Presley Eury"]
[Black "Paulino Garcia, Wilfredo Antonio"]
[Result "0-1"]
[WhiteElo "1922"]
[BlackElo "1972"]
[PlyCount "132"]
[EventDate "2015.06.19"]
[EventType "swiss"]
[EventRounds "8"]
[EventCountry "DOM"]
[SourceTitle "CBM 167 Extra"]
[Source "ChessBase"]
[SourceDate "2015.09.14"]
[SourceVersion "1"]
[SourceVersionDate "2015.09.14"]
[SourceQuality "1"]

1. e4 e5 2. Nf3 Nc6 3. Bb5 a6 4. Ba4 Nf6 5. 0-0 b5 6. Bb3 Be7 7. d3 d6 8. h3 Na5 9. Be3 c5 10. a3 Nxb3 11. cxb3 0-0 12. Nc3 h6 13. Rc1 Be6 14. Ne2 Kh7 15. Ng3 Rg8 16. Nd2 g5 17. Nf5 Bxf5 18. exf5 g4 19. hxg4 Nxg4 20. Qf3 Bg5 21. Ne4 Bxe3 22. fxe3 Qh4 23. Rfe1 d5 24. Nf2 Nh2 25. Qxd5 Qg3 26. Kh1 Rad8 27. Qe4 Qxf2 28. Kxh2 Rg5 29. f6+ Kh8 30. Qf3 Qxb2 31. Rxc5 Rdg8 32. Re2 Qxa3 33. Rec2 e4 34. Qh3 Kh7 35. Rc7 exd3 36. Rxf7+ Kg6 37. Rg7+ Rxg7 38. fxg7 Qd6+ 39. Kg1 Kxg7 40. Rd2 Qd5 41. e4 Qc5+ 42. Rf2 Qd4 43. Qf3 Kh7 44. Qf7+ Qg7 45. Qxg7+ Kxg7 46. Rd2 Re5 47. Rxd3 Rxe4 48. Kf2 Re6 49. Kf3 Kf6 50. Kf4 Ke7 51. g3 Rd6 52. Rc3 Kd7 53. Ke5 Rc6 54. Rd3+ Kc7 55. Ke4 Kb6 56. Ke3 Re6+ 57. Kd2 Kc5 58. Kc3 a5 59. Rf3 b4+ 60. Kd2 Rd6+ 61. Kc2 Rd5 62. Rf4 Kb5 63. Rf3 h5 64. Rf4 a4 65. bxa4+ Kxa4 66. Re4 Ka3 0-1